Word Pyramid - Statistics

General Stats
  • This quiz has been taken 16 times
  • The average score is 6 of 7
Answer Stats
Hint Answer % Correct
Letter C
100%
Shortened name for an enterprise Co
100%
A reason to dislike something Con
100%
Shortened name for circumstances Cond.
88%
Individually owned houses within a larger building Condo
88%
The biggest bird in North America Condor
88%
Capital of New Hampshire Concord
56%
No matching quizzes found
Score Distribution
Percent of People with Each Score
Percentile by Number Answered
Your Score History
You have not taken this quiz